000 00461nam a2200193Ia 4500
003 GCL
008 140319s9999 xx 000 0 eng d
040 _aGCL /
_cGCL
082 0 4 _a843
_bK D
100 1 _aKADARE, ISMAIL
245 1 0 _aLE DOSSIER H. /
_cKADARE, ISMAIL
700 1 _aVRIONI, JUSUF
260 _a[S.N] :
_bFAYARD ،
_c1989
300 _a212 P
650 0 4 _aLITERATURE
650 0 4 _aFICTION
650 0 4 _aFRENCH LITERATURE
942 _2ddc
_cBK
999 _c24894
_d24894